00300nam a2200121Ia 45000030006000000080041000060400015000471000036000622450042000982600009001405460012001490050017001610STCL150530s9999 xx 000 0 und d aSTCLcSTCL aMukherjee, D.P.; Banerjee, G.C. aGenetics and breeding of farm animals c1980 aEnglish20220125170419.0